000 00792nam a22002297a 4500
005 20220701122239.0
008 220701b ||||| |||| 00| 0 eng d
040 _cAL
041 _aEnglish
082 _223
_a361.2
_bWIGR
100 _aPonna Wignaraja and others
_946478
245 _aReadings on Pro Poor Planning Through Social Mobilisation in South Asia Vol I
260 _aNew Delhi
_bVikas Publishing house Pvt Ltd
_c2000
300 _axix,377 p.
_bHB
_c23x15 cm.
365 _c
_d₹550.00
440 _aThe Strategic Option for Poverty Eradication
_946479
650 _aThe Changing Context
_946480
650 _aThe Practice and Process of Social Mobilisation
_946481
700 _aWIGNARAJA (Ponna) ed
_946482
700 _aSIRIVARDANA (Susil) ed
_946483
942 _2ddc
_cGF
999 _c223552
_d223552